| 000 | 00851 a2200181 4500 | ||
|---|---|---|---|
| 003 | Nust | ||
| 005 | 20230529111928.0 | ||
| 040 | _cNust | ||
| 082 | _a808.83,JOH | ||
| 100 |
_aJohnstone, Nancy _9112746 |
||
| 245 |
_aTemperate zone _cNancy Johnstone |
||
| 260 |
_aFaber and Faber Ltd _bLondon _c1940 |
||
| 300 |
_a315 p _billus _c19 cm |
||
| 505 | _aReturn to Adobe (Page-11), Peptize Sets Up House (Page-22), Miss borne takesto Crime (Page-35), Friends of the English Language (Page-47), Part Less Two (Page-59), Sad Ballad of the War (Page-70), Food for the Sprits (Page-81), Machetes are Sharpened (Page-93), Gringo Inventor (Page-116), Diagnosis by Miguel (Page-127), The Indian Peril (Page-188), Test for Witchcraft (Page-200), Mask of Beatrice (Page-211). | ||
| 600 |
_aJohnstone, Nancy _9112746 |
||
| 650 |
_aA novel _9107173 |
||
| 942 |
_2ddc _cBK |
||
| 999 |
_c186295 _d186295 |
||